Nghiên cứu một số bài tập phát triển sức mạnh tốc độ nhằm nâng cao hiệu quả giảng dạy và học tập môn nhảy xa cho học sinh khối 11 trường THPT Thanh Khê - TP. Đà Nẵng

Nghiên cứu, lựa chọn một số bài tập phát triển sức mạnh tốc độ nhằm nâng cao hiệu quả giảng dạy và học tập môn nhảy xa cho học sinh khối 11 trường THPT Thanh Khê - Đà Nẵng. Đánh giá hiệu quả các bài tập phát triển sức mạnh tốc độ nhằm nâng cao hiệu quả giảng dạy và học tập môn nhảy xa cho học sinh k...

Descripció completa

Guardat en:
Dades bibliogràfiques
Autor principal: Hồ Thị Hiền (Tác giả)
Altres autors: Võ Đình Hợp Th.S (Hướng dẫn)
Format: Llibre
Idioma:Vietnamese
Publicat: Đà Nẵng Đại học Sư phạm, Đại học Đà Nẵng 2012
Matèries:
Etiquetes: Afegir etiqueta
Sense etiquetes, Sigues el primer a etiquetar aquest registre!
Thư viện lưu trữ: Mạng thư viện Đại học Đà Nẵng
LEADER 02001nam a2200349 4500
001 000016755
003 13159
005 20121225141208.0
008 121221s2012 viesd
041 0 |a vie 
082 |a 373.1712  |b HÔ-H 
100 0 |a Hồ Thị Hiền  |e Tác giả 
245 0 |a Nghiên cứu một số bài tập phát triển sức mạnh tốc độ nhằm nâng cao hiệu quả giảng dạy và học tập môn nhảy xa cho học sinh khối 11 trường THPT Thanh Khê - TP. Đà Nẵng  |c Hồ Thị Hiền 
260 |a Đà Nẵng  |b Đại học Sư phạm, Đại học Đà Nẵng  |c 2012 
300 |a 67 tr.  |c 29 cm.  |e Đĩa CD 
500 |a Khóa luận tốt nghiệp đại học. Chuyên ngành: Sư phạm Thể chất Quốc phòng 
504 |a Mục lục đầu trang, tài liệu tham khảo tr.67, phụ lục [3 tr.] 
520 |a Nghiên cứu, lựa chọn một số bài tập phát triển sức mạnh tốc độ nhằm nâng cao hiệu quả giảng dạy và học tập môn nhảy xa cho học sinh khối 11 trường THPT Thanh Khê - Đà Nẵng. Đánh giá hiệu quả các bài tập phát triển sức mạnh tốc độ nhằm nâng cao hiệu quả giảng dạy và học tập môn nhảy xa cho học sinh khối 11 trường THPT Thanh Khê - Đà Nẵng. 
650 |a Khóa luận tốt nghiệp đại học 
650 |a Giáo dục chính trị 
653 |a Khoa Giáo dục chính trị 
700 |a Võ Đình Hợp  |c Th.S  |e Hướng dẫn 
OWN |a LSP 
AVA |a UDN50  |b LSP  |d 373.1712 HÔ-H  |e available  |t Error 5001 Not defined in file expand_doc_bib_avail.  |f 1  |g 0  |h N  |i 0  |k 1 
999 |a From the UDN01 
AVA |a UDN50  |b LSP  |d 373.1712 HÔ-H  |e available  |t Error 5001 Not defined in file expand_doc_bib_avail.  |f 1  |g 0  |h N  |i 0  |k 1 
TYP |a Monograph 
TYP |a Printed language 
980 |a Mạng thư viện Đại học Đà Nẵng